VLSI Design (Record no. 230420)

MARC details
000 -LEADER
fixed length control field 00426nam a2200193Ia 4500
008 - FIXED-LENGTH DATA ELEMENTS--GENERAL INFORMATION
fixed length control field 240823s9999||||xx |||||||||||||| ||und||
020 ## - INTERNATIONAL STANDARD BOOK NUMBER
International Standard Book Number 81-219-3009-X
082 ## - DEWEY DECIMAL CLASSIFICATION NUMBER
-- 621.385
100 ## - MAIN ENTRY--PERSONAL NAME
Personal name Sakthivel R
245 #0 - TITLE STATEMENT
Title VLSI Design
250 ## - EDITION STATEMENT
Edition statement 1st
260 ## - PUBLICATION, DISTRIBUTION, ETC. (IMPRINT)
Name of publisher, distributor, etc S.Chand & Compan
500 ## - GENERAL NOTE
General note YES
650 ## - SUBJECT ADDED ENTRY--TOPICAL TERM
Topical term or geographic name as entry element VLSI Design
942 ## - ADDED ENTRY ELEMENTS (KOHA)
Item type Books
Holdings
Withdrawn status Lost status Damaged status Permanent location Current location Date acquired Source of acquisition Cost, normal purchase price Full call number Barcode Date last seen Koha item type
      CENTRAL LIBRARY, NOORUL ISLAM CENTRE FOR HIGHER EDUCATION CENTRAL LIBRARY, NOORUL ISLAM CENTRE FOR HIGHER EDUCATION 12/17/2018 Gift Book from Ms.Steffitha 125.00 621.385 78639 08/23/2024 Books
Visitors:
Copyright © 2024 Central Library NICHE.  All rights reserved.